000 01069nam a2200277 i 4500
001 bg
003 BPK
005 20221215083933.0
008 980713s1995 pl a |000 0 pol d
015 _aPB 1997/11371
020 _a8385530932
040 _aWA N
_cBPK
080 _a378.245:001.81
100 1 _aMajchrzak, Jadwiga
_d(1941-2006)
_eAutor
245 1 0 _aMetodyka pisania prac magisterskich i dyplomowych :
_bporadnik pisania prac promocyjnych oraz innych opracowań naukowych wraz z przygotowaniem ich do obrony lub publikacji /
_cJadwiga Majchrzak, Tadeusz Mendel ; Akademia Ekonomiczna w Poznaniu.
250 _aWyd. 2 popr.
260 _aPoznań :
_bWydaw. AE,
_c1995.
300 _a67 s. :
_bwykr. ;
_c24 cm.
504 _aBibliogr. s. 50.
521 _aDla studentów studiów ekonomicznych.
655 4 _aPoradnik
650 4 _aPraca dyplomowa
700 1 _aMendel, Tadeusz
_d(1933-2019)
_eAutor
856 _uhttp://koha.tu.koszalin.pl/cgi-bin/koha/opac-detail.pl?biblionumber=32944
_yKatalog online BPK
942 _2UKD
_cKS
999 _c32944
_d32944